Kingdom Hearts Abbreviations - Statistics

General Stats
  • This quiz has been taken 60 times
  • The average score is 5 of 7
Answer Stats
Picture Answer % Correct
KH 2
98%
KH 3
94%
KH 1
90%
KH BBS
80%
KH 358/2 Days
69%
KH 3D
55%
KH Re:COM
49%
No matching quizzes found
Score Distribution
Percent of People with Each Score
Percentile by Number Answered
Your Score History
You have not taken this quiz